List z Ameriky

Bibliographic Details
Main Author: Bankier, William (Author)
Other Authors: Trepáč, Jozef, 1936- (gup)
Format: Article
Language:Slovak
Subjects:

MARC

LEADER 00000nab a2200000 a 4500
001 vtls000230081
003 SK-MaSNL
005 20260302213335.0
008 111130c1985 xo 0 slo
015 |a SNBRB19rr/mm-uuuuu 
035 |a CL0240195 
040 |a SNKBUCL  |b slo  |c SNKBUCL  |e AACR2 
041 0 |a slo 
044 |a xo  |c SK 
080 |a 820-3  |2 1981 
100 1 |a Bankier, William  |4 aut  |9 939137 
245 1 0 |a List z Ameriky  |c William Bankier ; Jozef Trepáč 
500 |a Prevzaté z časopisu Ellery Queen s Crimes and punishments, New York. Príslušnosť autora k uvádzanej literatúre je hypotetická. 
650 0 7 |a poviedky kriminálne  |2 snkbucl  |9 921121 
655 7 |a články z novín a časopisov  |2 snkbucl  |9 267496 
655 7 |a články z odboru literárna veda a krásna literatúra  |2 snkbucl  |9 770045 
700 1 |a Trepáč, Jozef,  |d 1936-  |4 gup  |9 193476 
773 0 |t Express  |g Roč. 17, č. 39 (1985), s. 20-21 
850 |a Slovenská národná knižnica v Martine  |a MTA001 
852 |a SNK  |b KIS3GCP 
958 |a RK 
958 |a LX 
992 |a RBX 
999 |c 1493213  |d 1495143